<?xml version="1.0" encoding="UTF-8"?>
<marc:record xmlns:marc="http://www.loc.gov/MARC21/slim">
   <marc:leader>00000nam a2200000 a 4500</marc:leader>
   <marc:datafield ind1="1" ind2=" " tag="100">
      <marc:subfield code="a">Kinney, Jeff</marc:subfield>
      <marc:subfield code="4">aut</marc:subfield>
      <marc:subfield code="e">Verfasser/-in</marc:subfield>
   </marc:datafield>
   <marc:datafield ind1="0" ind2="0" tag="245">
      <marc:subfield code="a">Gregs Tagebuch</marc:subfield>
   </marc:datafield>
   <marc:datafield ind1="0" ind2="0" tag="245">
      <marc:subfield code="b">Von Idioten umzingelt! / aus dem Engl. von Collin McMahon</marc:subfield>
   </marc:datafield>
   <marc:datafield ind1="0" ind2="0" tag="245">
      <marc:subfield code="c">Kinney, Jeff</marc:subfield>
   </marc:datafield>
   <marc:datafield ind1=" " ind2="1" tag="264">
      <marc:subfield code="a">Köln</marc:subfield>
      <marc:subfield code="b">Baumhaus Verlag</marc:subfield>
      <marc:subfield code="c">2008</marc:subfield>
   </marc:datafield>
   <marc:datafield ind1="1" ind2=" " tag="490">
      <marc:subfield code="a">Gregs Tagebuch</marc:subfield>
      <marc:subfield code="v">[1]</marc:subfield>
   </marc:datafield>
   <marc:datafield ind1="1" ind2=" " tag="520">
      <marc:subfield code="a">Der Comic-Roman-Bestseller für Kinder ab 10 - macht selbst Lesemuffel zu Buchfans!&#xD;
Greg Heffley hat alle Hände voll zu tun: An seiner neuen Schule merkt er schnell, dass der Schulalltag voller Fettnäpfchen steckt. Zwischen peinlichen Eltern, nervigen Brüdern, seinem tollpatschigen besten Freund Rupert und einem verbotenen Stinkekäse kämpft er ums Überleben im ganz normalen Wahnsinn. Zum Glück kann er alles in seinem Tagebuch festhalten - und zwar so, wie es wirklich war!&#xD;
Warum Gregs Tagebuch ein Hit ist - für Kinder, Eltern und alle, die sonst keine Bücher lesen:&#xD;
• Lesespaß ab 10 Jahren - ideal für Grundschule und Unterstufe&#xD;
• Motivation für Lesemuffel - durch viele witzige Zeichnungen und kurze Kapitel&#xD;
• Stärkt Lesekompetenz mit Humor: Hier lesen Kinder freiwillig weiter!&#xD;
• Einfach zu lesen - schwer aus der Hand zu legen!&#xD;
GREGS TAGEBUCH ist Kult - die mehrfach preisgekrönte Comic-Roman-Reihe von Jeff Kinney mit weltweit über 300 Millionen verkauften Büchern begeistert Kinder (und Eltern!)&#xD;
&#xD;
Eltern-Tipp: Die perfekte Buchreihe für Kinder, die sonst nicht gern lesen. Gregs Alltag ist lustig, manchmal chaotisch - und immer nah an der Lebenswelt der Kids.</marc:subfield>
   </marc:datafield>
   <marc:datafield ind1=" " ind2=" " tag="020">
      <marc:subfield code="a">9783833936326</marc:subfield>
      <marc:subfield code="9">9783833936326</marc:subfield>
   </marc:datafield>
   <marc:datafield ind1=" " ind2=" " tag="020">
      <marc:subfield code="a">3833936320</marc:subfield>
      <marc:subfield code="9">3833936320</marc:subfield>
   </marc:datafield>
   <marc:datafield ind1=" " ind2=" " tag="022">
      <marc:subfield code="a">26989883</marc:subfield>
   </marc:datafield>
   <marc:datafield ind1=" " ind2=" " tag="041">
      <marc:subfield code="a">ger</marc:subfield>
   </marc:datafield>
   <marc:datafield ind1=" " ind2=" " tag="300">
      <marc:subfield code="b">zahlr. Ill.</marc:subfield>
   </marc:datafield>
   <marc:datafield ind1="0" ind2=" " tag="490">
      <marc:subfield code="v">[1]</marc:subfield>
   </marc:datafield>
   <marc:datafield ind1=" " ind2=" " tag="338">
      <marc:subfield code="a">Band</marc:subfield>
   </marc:datafield>
   <marc:datafield ind1=" " ind2=" " tag="300">
      <marc:subfield code="a">218 S.</marc:subfield>
   </marc:datafield>
</marc:record>
